Catalog

Record Details

Catalog Search



Instantní, nebo skutečné řešení problému?  Cover Image Book Book

Instantní, nebo skutečné řešení problému? / Richard Macků

Record details

  • ISBN: 978-80-87500-74-3
  • Physical Description: 166 stran, 6 nečíslovaných stran příloh : ilustrace ; 23 cm
  • Edition: 1. vydání
  • Publisher: Zlín : Radim Bačuvčík - VeRBuM, 2015

Content descriptions

Bibliography, etc. Note:
Obsahuje bibliografii, bibliografické odkazy a rejstřík
Language Note:
Anglické resumé
Subject: řešení problémů
výchova dítěte
filozofie výchovy
rozvoj myšlení
zážitková pedagogika
pedagogický výzkum
kvalitativní analýza
kvantitativní analýza
problem solving
child rearing
philosophy of education
development of thought
experience pedagogy
educational research
qualitative analysis
quantitative analysis
Genre: monografie
monographs

Available copies

  • 1 of 1 copy available at Common Catalog SPOK.

Holds

  • 0 current holds with 1 total copy.
Show All Copies
Location Call Number / Copy Notes Barcode Shelving Location Status Due Date
Jabok Library Ped-7 424480038500 Odborná literatura Available -

LDR 02232nam a2200649 i 4500
00124160
003CZ-PrJAB
00520160805070936.0
007ta
008160212s2015 xr a f 001 0 cze
015 . ‡acnb002777885
020 . ‡a978-80-87500-74-3 ‡q(brožováno)
035 . ‡a(CZ PrNK)nkc20162777885
035 . ‡a(OCoLC)949214728
040 . ‡aABA001 ‡bcze ‡dOLA001 ‡erda
0410 . ‡acze ‡beng
072 7. ‡a159.95 ‡xVyšší duševní procesy ‡2Konspekt ‡917
080 . ‡a159.955 ‡2MRF
080 . ‡a37.03-053.2 ‡2MRF
080 . ‡a37.013.73 ‡2MRF
080 . ‡a159.955 ‡2MRF
080 . ‡a37.01:159.923.35 ‡2MRF
080 . ‡a37.012 ‡2MRF
080 . ‡a543.061 ‡2MRF
080 . ‡a543.062 ‡2MRF
080 . ‡a(048.8) ‡2MRF
1001 . ‡aMacků, Richard, ‡d1981- ‡7mzk2013791540 ‡4aut
24510. ‡aInstantní, nebo skutečné řešení problému? / ‡cRichard Macků
250 . ‡a1. vydání
264 1. ‡aZlín : ‡bRadim Bačuvčík - VeRBuM, ‡c2015
300 . ‡a166 stran, 6 nečíslovaných stran příloh : ‡bilustrace ; ‡c23 cm
336 . ‡atext ‡btxt ‡2rdacontent
337 . ‡abez média ‡bn ‡2rdamedia
338 . ‡asvazek ‡bnc ‡2rdacarrier
504 . ‡aObsahuje bibliografii, bibliografické odkazy a rejstřík
546 . ‡aAnglické resumé
65007. ‡ařešení problémů ‡7ph137287 ‡2czenas
65007. ‡avýchova dítěte ‡7ph127420 ‡2czenas
65007. ‡afilozofie výchovy ‡7ph120230 ‡2czenas
65007. ‡arozvoj myšlení ‡7ph135316 ‡2czenas
65007. ‡azážitková pedagogika ‡7ph446678 ‡2czenas
65007. ‡apedagogický výzkum ‡7ph124017 ‡2czenas
65007. ‡akvalitativní analýza ‡7ph115044 ‡2czenas
65007. ‡akvantitativní analýza ‡7ph115046 ‡2czenas
65009. ‡aproblem solving ‡2eczenas
65009. ‡achild rearing ‡2eczenas
65009. ‡aphilosophy of education ‡2eczenas
65009. ‡adevelopment of thought ‡2eczenas
65009. ‡aexperience pedagogy ‡2eczenas
65009. ‡aeducational research ‡2eczenas
65009. ‡aqualitative analysis ‡2eczenas
65009. ‡aquantitative analysis ‡2eczenas
655 7. ‡amonografie ‡7fd132842 ‡2czenas
655 9. ‡amonographs ‡2eczenas
910 . ‡aABG312
9289 . ‡aVeRBuM
901 . ‡a24160 ‡b ‡c24160 ‡tbiblio

Additional Resources